000 00648nam a2200229Ia 4500
003 OSt
005 20220927105533.0
006 a|||||r|||| 00| 0
007 ta
008 220926b |||||||| |||| 00| 0 eng d
024 _a171988
037 _cReference Collections
040 _aRTL
_cRTL
_beng
041 _2eng
_aeng
082 _a"V2, 32p.N97, N7.10-20"
245 0 _aLok sabha debates
_b Fourth session (Part-1).
260 _aNew
_bDelhi Lok sabha secretariat
_c1997
300 _a470p.
_ccm.
490 _aEleventh series
942 _h"V2, 32p.N97, N7.10-20"
_cCC
999 _c692925
_d692925